Shakespeare According to Google Quiz Stats

 Plays Quiz Updated Mar 31, 2013

Challenge
Share
Tweet
Embed
Score 0/30 Timer 10:00
3 Plays Today
% Correct
Romeo
84.9%
Orlando
82.3%
Othello
80.8%
Cleopatra
75%
Timon
71.7%
Cassius
67.4%
Puck
65.7%
Ferdinand
65.6%
Hamlet
64.2%
Gertrude
61.6%
Brutus
61.4%
Shylock
59.4%
Ophelia
56.2%
King Lear
55.4%
Viola
53.7%
% Correct
Falstaff
51.8%
Iago
51.6%
Richard III
47.6%
King John
47.2%
Macbeth
46.3%
Ariel
45.8%
Henry VIII
44.3%
Rosalind
42.6%
Petruchio
39.1%
Angelo
39%
Pericles
38.8%
Juliet
38.3%
Caliban
37.2%
Titus
37%
Theseus
32.4%

You're not logged in!

Compare scores with friends on all Sporcle quizzes.
OR
Log In

You Might Also Like...

Show Comments

Extras

Top Quizzes Today


Score Distribution

Your Account Isn't Verified!

In order to create a playlist on Sporcle, you need to verify the email address you used during registration. Go to your Sporcle Settings to finish the process.

Report this User

Report this user for behavior that violates our Community Guidelines.

Details: